Szczegóły MARC21

The Norton anthology of African American literature /

003 -Nazwa inst., której nr kontr. jest w polu 001 [,]
    • @
    • Nazwa instytucji, której n kontrolny jest w polu 001
    • NUKAT
005 -DATA I CZAS OSTATNIEJ MODYFIKACJI [,]
    • @
    • pole kontrolne
    • 20241231095454.0
020 -Międzynarod. znormalizowany nr książki - ISBN [ , ]
    • a
    • Numer ISBN
    • 0393040011 Find
020 -Międzynarod. znormalizowany nr książki - ISBN [ , ]
    • a
    • Numer ISBN
    • 0393959082 Find
    • q
    • Dopowiedzenie
    • pbk.
040 -Instytucja sporządzająca opis [ , ]
    • a
    • Instytucja, która sporządziła opis (NP)
    • WA U/50AWJ
    • c
    • Instytucja, która sporządziła rekord (NP)
    • WA U/AWJ
    • d
    • Instytucja, która zmodyfikowała rekord (P)
    • WA U/AL
    • d
    • Instytucja, która zmodyfikowała rekord (P)
    • Ł U/RRs
044 -Kraj miejsca wydania [ , ]
    • a
    • Kraj miejsca wydania
    • Stany Zjednoczone po 1988
    • a
    • Kraj miejsca wydania
    • Wielka Brytania po 1988
942 -Rodzaj dokumentu [ , ]
    • c
    • Rodzaj dokumentu
    • Książka
245 -Strefa tytułu i oznaczenia odpowiedzialności [0,4]
    • a
    • Tytuł
    • The Norton anthology of African American literature / Find
    • c
    • Pozostałe elementy strefy tytułu i oznaczenia odpowiedzialności (NP)
    • Henry Louis Gates, Nellie Y. McKay, gen. eds.
260 -Strefa adresu wydawniczego [ , ]
    • a
    • Miejsce wydania (P)
    • New York ;
    • a
    • Miejsce wydania (P)
    • London :
    • b
    • Nazwa wydawcy (P)
    • W. W. Norton & Company,
    • c
    • Data wydania (P)
    • cop. 1997.
300 -Strefa opisu fizycznego [ , ]
    • a
    • Określenie formy książki i/lub objętość (NP)
    • XLIV, 2665 s. ;
    • c
    • Format (NP)
    • 24 cm +
    • e
    • Oznaczenie dokumentu towarzyszącego (NP)
    • CD-ROM.
336 -Typ zawartości [ , ]
    • a
    • Termin opisujący typ zawartości
    • Tekst
    • b
    • Kod określający zawartość
    • txt
    • 2
    • Źródło (terminu i kodu)
    • rdacontent
337 -Typ mediów [ , ]
    • a
    • Tryb odtwarzania
    • Bez urządzenia pośredniczącego
    • b
    • Kod typu mediów
    • n
    • 2
    • Źródło (terminu i kodu)
    • rdamedia
338 -Typ/rodzaj nośnika [ , ]
    • a
    • Hasło opisujące typ nośnika
    • Wolumin
    • b
    • Kod typu nośnika
    • nc
    • 2
    • Źródło (terminu i kodu)
    • rdacarrier
504 -Uwaga dot. bibliogr. załącznikowej [ , ]
    • a
    • Uwaga dot. bibliografii załącznikowej
    • Bibliogr. s. 2625-2648. Indeks.
080 -Uniwersalna Klasyfikacja Dziesiętna [ , ]
    • 2
    • Identyfikator wydania tablic
    • UDC-P022
    • a
    • Symbol klasyfikacji
    • 821.111(6)
    • b
    • Dopowiedzenie
    • Literatura afrykańska w języku angielskim.
    • x
    • Poddział wspólny
    • (082.2)
    • b
    • Dopowiedzenie
    • (Antologie. Wypisy (różnych autorów).
650 -Hasło przedmiotowe [ ,7]
    • a
    • Hasło przedmiotowe
    • Czarni Amerykanie
    • v
    • Określnik formalny
    • antologie.
    • 2
    • Źródło terminu
    • kaba
    • 9
    • KHW
    • 571494
655 -Hasło w funkcji tematu formalnego [ ,7]
    • a
    • Hasło
    • Literatura amerykańska
    • v
    • Określnik formy
    • autorzy czarni amerykańscy
    • v
    • Określnik formy
    • antologie.
    • 2
    • Źródło terminu
    • kaba
    • 9
    • KHW
    • 571495
980 -Symbol UKD [ , ]
    • a
    • UKD
    • 821.111(6)(082.2)
700 -Hasło dodatkowe - nazwa osobowa [1, ]
    • a
    • Nazwa osobowa (NP)
    • Gates, Henry Louis Find
    • d
    • Daty biograficzne (NP)
    • (1950- ).
    • e
    • Określenie rodzaju współpracy
    • Red.
    • 9
    • KHW
    • 468051
700 -Hasło dodatkowe - nazwa osobowa [1, ]
    • a
    • Nazwa osobowa (NP)
    • McKay, Nellie Y. Find
    • e
    • Określenie rodzaju współpracy
    • Red.
    • 9
    • KHW
    • 571241
920 -ISBN [ , ]
    • a
    • ISBN
    • 0-393-04001-1 Find
920 -ISBN [ , ]
    • a
    • ISBN
    • 0-393-95908-2 Find
    • q
    • Dopowiedzenie
    • pbk.
Sygnatura Obwoluta Numer inwentarzowy Status udost. Data inwentaryzacji Lokalizacja
ANG. Antologie - lit. amer. 131A.774412007-01-17BM